000
00340nam a2200133Ia 4500
008
240624s9999 xx 000 0 und d
041
_a
eng
082
_a
658.31243 LYN
100
_a
LYNTON ROLF P
245
_a
TRAINING FOR ORGANIZATIONAL TRANSFORMATION P
260
_c
2004
_a
New Delhi
_b
Sage
300
_a
307 : p. : cm. ; 22
365
_c
RS
999
_c
1069
_d
1069